| 000 | 00000nam 2200000zi 4500 |
| 001 | 9.892222 |
| 003 | CaOODSP |
| 005 | 20230818074120 |
| 006 | m o d f |
| 007 | cr |n||||||||| |
| 008 | 201007e199709##onc ob f000 0|eng d |
| 040 | |aCaOODSP|beng|erda|cCaOODSP |
| 043 | |an-cn--- |
| 086 | |aIu159-15/1997E-PDF |
| 245 | 03|aAn analysis of markets for Canadian environmental technologies : |bassessing the impact of domestic, global and market segment forces on investment decisions : final draft / |cthe Delphi Group. |
| 246 | 17|aDemand and supply analysis for Canadian environmental technologies |
| 264 | 1|a[Ottawa] : |bTechnology Partnerships Canada, Industry Canada, |cSeptember 1997. |
| 300 | |a1 online resource (iv, 75 pages, 4 unnumbered pages, 5 pages) |
| 336 | |atext|btxt|2rdacontent |
| 337 | |acomputer|bc|2rdamedia |
| 338 | |aonline resource|bcr|2rdacarrier |
| 500 | |aDigitized edition from print [produced by Innovation, Science and Economic Development Canada]. |
| 504 | |aIncludes bibliographical references. |
| 650 | 0|aPollution control industry|zCanada. |
| 650 | 0|aEnvironmental engineering|zCanada. |
| 650 | 0|aEnvironmental protection|zCanada. |
| 650 | 6|aEnvironnement|xIndustrie|zCanada. |
| 650 | 6|aTechnique de l'environnement|zCanada. |
| 650 | 6|aEnvironnement|xProtection|zCanada. |
| 710 | 1 |aCanada. |bIndustry Canada, |eissuing body. |
| 710 | 2 |aDelphi Group, |econsultant. |
| 856 | 40|qPDF|s2.05 MB|uhttps://publications.gc.ca/collections/collection_2023/isde-ised/Iu159-15-1997-eng.pdf |